Punjab / (Record no. 139887)
[ view plain ]
| 000 -LEADER | |
|---|---|
| fixed length control field | 00516nam a22001697a 4500 |
| 005 - DATE AND TIME OF LATEST TRANSACTION | |
| control field | 20170515150236.0 |
| 010 ## - LCCN (DPL NO) | |
| LC control number | ENG-118160 |
| 020 ## - INTERNATIONAL STANDARD BOOK NUMBER | |
| International Standard Book Number | 9789383243167 |
| Terms of availability | 2800.00 |
| 035 ## - SYSTEM CONTROL NUMBER | |
| System control number | EN-101692 |
| 037 ## - SOURCE OF ACQUISITION | |
| Source of stock number/acquisition | DBAD/PUB |
| 082 ## - DEWEY DECIMAL CLASSIFICATION NUMBER | |
| Classification number | 954.12 |
| 245 ## - TITLE STATEMENT | |
| Title | Punjab / |
| Remainder of title | Building the land of the five rivers / |
| Statement of responsibility, etc | edited by Abha Narain Lambah |
| 260 ## - PUBLICATION, DISTRIBUTION, ETC. (IMPRINT) | |
| Place of publication, distribution, etc | Mumbai |
| Name of publisher, distributor, etc | The Marg Foundation |
| Date of publication, distribution, etc | 2017 |
| 270 ## - ADDRESS | |
| Address | 148,M.G. Road, Mumbai 400001, India. |
| 300 ## - PHYSICAL DESCRIPTION | |
| Extent | 148p. |
| Dimensions | 30cm. (Hb) |
| 942 ## - ADDED ENTRY ELEMENTS (KOHA) | |
| Source of classification or shelving scheme | Dewey Decimal Classification |
| Item type | English Books |
| Classification part | 954.12 |
| Call number suffix | PUN |
| Withdrawn status | Lost status | Not for loan | Collection code | Home library | Current library | Date acquired | Source of acquisition | Cost, normal purchase price | Full call number | Barcode | Copy number | Cost, replacement price | Koha item type |
|---|---|---|---|---|---|---|---|---|---|---|---|---|---|
| Not For Loan | Non-fiction | D.B.Act.Division | Bawana | 15/05/2017 | DBAD/PUB | 2800.00 | 954.12 PUN | EN-101692 | 1 | 2800.00 | English Books |
